Brazilian State Capitals Quiz - Statistics

General Stats
  • This quiz has been taken 1,306 times
  • The average score is 19 of 26
Answer Stats
State Capital % Correct
Rio de Janeiro Rio De Janeiro
93%
Sao Paulo Sao Paulo
92%
Bahia Salvador
91%
Amazonas Manaus
90%
Minas Gerais Belo Horizonte
86%
Goias Goiania
81%
Rio Grande do Sul Porto Alegre
79%
Pernambuco Recife
79%
Para Belem
78%
Ceara Fortaleza
78%
Espirito Santo Vitoria
76%
Parana Curitiba
75%
Santa Catarina Florianopolis
75%
Rio Grande do Norte Natal
75%
Acre Rio Branco
74%
Amapa Macapa
71%
Maranhao Sao Luis
67%
Mato Grosso do Sul Campo Grande
66%
Mato Grosso Cuiaba
64%
Alagoas Maceio
64%
Tocantins Palmas
63%
Paraiba Joao Pessoa
61%
Rondonia Porto Velho
60%
Roraima Boa Vista
56%
Piaui Teresina
56%
Sergipe Aracaju
51%
No matching quizzes found
Score Distribution
Percent of People with Each Score
Percentile by Number Answered
Your Score History
You have not taken this quiz